[Event "San Francisco MI Fall op"]
[Site "San Francisco"]
[Date "2005.12.20"]
[Round "8"]
[White "Stephenson, Lloyd"]
[Black "Robbins, Chuck"]
[Result "0-1"]
[WhiteElo "1782"]
[BlackElo "1577"]
[PlyCount "100"]
[EventDate "2005.11.08"]
[EventType "swiss"]
[EventRounds "8"]
[EventCountry "USA"]
[SourceTitle "EXT 2007"]
[Source "ChessBase"]
[SourceDate "2006.11.23"]
[SourceVersion "1"]
[SourceVersionDate "2006.11.23"]
[SourceQuality "1"]

1. Nf3 d5 2. g3 Nf6 3. Bg2 e6 4. d3 c5 5. 0-0 Nc6 6. Nc3 Be7 7. e4 0-0 8. Re1 a6 9. a4 d4 10. Ne2 e5 11. Nh4 Re8 12. Nf5 Bf8 13. f4 g6 14. Nh4 exf4 15. Bxf4 Nh5 16. Bd2 Bg4 17. Rf1 Ne5 18. Nf3 Qd7 19. Nf4 Nxf4 20. Bxf4 Bd6 21. Bxe5 Bxf3 22. Rxf3 Bxe5 23. Qd2 Kg7 24. Raf1 Re7 25. b3 b5 26. Ra1 Ra7 27. Qg5 f6 28. Qd2 Rc7 29. axb5 axb5 30. Ra5 c4 31. dxc4 bxc4 32. Bf1 cxb3 33. cxb3 Qc6 34. Qe2 Qb6 35. Rb5 Qa7 36. Kg2 Rc1 37. Qd2 Rec7 38. Bc4 Qa1 39. Kh3 Rc3 40. Rf1 Qa8 41. Rd5 Qb8 42. Ra1 Qc8+ 43. Kg2 Qg4 44. Bd3 Rxb3 45. Ra8 Rcb7 46. Rdd8 g5 47. Rg8+ Kh6 48. Ra2 Rc3 49. Rh8 Qe6 50. h4 Rxd3 0-1

[Event "San Francisco Summer TNM"]
[Site "San Francisco"]
[Date "2005.07.12"]
[Round "5"]
[White "Robbins, Chuck"]
[Black "Drane, Robert W"]
[Result "1/2-1/2"]
[WhiteElo "1574"]
[BlackElo "1876"]
[PlyCount "101"]
[EventDate "2005.06.14"]
[EventType "swiss"]
[EventRounds "8"]
[EventCountry "USA"]
[SourceTitle "EXT 2007"]
[Source "ChessBase"]
[SourceDate "2006.11.23"]
[SourceVersion "1"]
[SourceVersionDate "2006.11.23"]
[SourceQuality "1"]

1. d4 f5 2. c4 d6 3. Nc3 g6 4. Nf3 Nf6 5. Qc2 Bg7 6. e3 c6 7. Bd3 Qc7 8. e4 fxe4 9. Nxe4 Nbd7 10. 0-0 Nxe4 11. Bxe4 Nf6 12. Re1 Nxe4 13. Qxe4 Bf5 14. Qh4 h6 15. Bf4 Bf6 16. Qg3 0-0-0 17. c5 g5 18. cxd6 exd6 19. Be3 Rdf8 20. Rac1 Kb8 21. Nd2 d5 22. Qf3 Qd7 23. Qd1 Bd8 24. b4 h5 25. Nb3 Qd6 26. Qd2 Bc7 27. g3 h4 28. Bxg5 hxg3 29. fxg3 Be4 30. Bf4 Rxf4 31. Qxf4 Qxf4 32. gxf4 Bxf4 33. Rxe4 dxe4 34. Rc2 e3 35. Nc5 Rh6 36. Rg2 Kc7 37. Rg7+ Kd8 38. h3 b6 39. Nd3 Rf6 40. Rxa7 e2 41. Ra8+ Kd7 42. Ra7+ Kd6 43. Kf2 Re6 44. Rf7 Bd2 45. Ne1 Kd5 46. Rf3 Bxb4 47. Rb3 c5 48. dxc5 bxc5 49. Rb2 Kd4 50. Rxe2 Rxe2+ 51. Kxe2 1/2-1/2